[Event "C.ti d'Italia"]
[Site "Arvier ITA"]
[Date "2009.09.26"]
[Round "1"]
[White "Rossi, Giampiero"]
[Black "Bitti, Sandro"]
[Result "1-0"]
[WhiteElo "1910"]
[BlackElo "1718"]
[PlyCount "141"]
[EventDate "2009.09.26"]

1. d4 d5 2. c4 e6 3. Nc3 Nf6 4. cxd5 exd5 5. Bg5 c6 6. e3 Be7 7. Qc2 Nbd7 8.
Bd3 h6 9. Bh4 O-O 10. Nge2 Re8 11. O-O Nf8 12. Rab1 Ne4 13. Bxe7 Qxe7 14. b4
Nxc3 15. Nxc3 Qg5 16. Rfe1 Bd7 17. b5 Rac8 18. bxc6 Bxc6 19. Bf5 Ne6 20. Bxe6
fxe6 21. f4 Qf5 22. Qxf5 exf5 23. Nb5 Re6 24. Nxa7 Ra8 25. Nxc6 bxc6 26. Re2
Ra4 27. Kf2 Re7 28. Rc2 Ra6 29. Rb8+ Kf7 30. Rcb2 Ke6 31. R8b6 Rea7 32. Rxa6
Rxa6 33. Kf3 Ra7 34. h3 Kd6 35. g4 fxg4+ 36. hxg4 Ke6 37. f5+ Kf6 38. Rb6 Rc7
39. Kf4 Ke7 40. a4 c5 41. dxc5 Rxc5 42. Ke5 Ra5 43. Rb7+ Kf8 44. Ke6 Ra6+ 45.
Kxd5 Rxa4 46. e4 Ra5+ 47. Ke6 Ra6+ 48. Ke5 Ra5+ 49. Kf4 Ra4 50. Rd7 Rb4 51. Ke3
Ra4 52. Rd4 Ra3+ 53. Kf4 Rh3 54. Rd8+ Ke7 55. Rh8 Ra3 56. Rb8 Ra6 57. Rb7+ Kf8
58. Rb4 g6 59. Rb8+ Kf7 60. Rb7+ Kf8 61. fxg6 Rxg6 62. e5 Ke8 63. Rh7 Kf8 64.
Rd7 Rg5 65. Rh7 Rg6 66. Kf5 Rg5+ 67. Kf6 Kg8 68. Rxh6 Rxg4 69. Rg6+ Rxg6+ 70.
Kxg6 Kf8 71. Kf6 1-0

[Event "C.ti d'Italia"]
[Site "Arvier ITA"]
[Date "2009.09.26"]
[Round "1"]
[White "Serrajotto, Marino"]
[Black "Badano, Giancarlo"]
[Result "1/2-1/2"]
[WhiteElo "1733"]
[BlackElo "1951"]
[PlyCount "107"]
[EventDate "2009.09.26"]

1. e4 e6 2. b3 d5 3. Bb2 dxe4 4. Nc3 Nf6 5. Qe2 Nc6 6. Nxe4 Be7 7. Nxf6+ Bxf6
8. Bxf6 Qxf6 9. c3 O-O 10. Nf3 b6 11. g3 Bb7 12. Bg2 Nb4 13. O-O Ba6 14. c4
Rad8 15. Ne5 Nc2 16. Rad1 Nd4 17. Qe4 c5 18. g4 Rd6 19. f4 g6 20. Rf2 Rb8 21.
d3 Bb7 22. Qe3 Bxg2 23. Rxg2 Rbd8 24. Qe4 Qe7 25. g5 Qc7 26. Rgd2 Nc6 27. Nxc6
Qxc6 28. Qxc6 Rxc6 29. d4 Rcd6 30. d5 Kf8 31. Kf2 Kg7 32. Ke3 f6 33. gxf6+ Kxf6
34. Ke4 h6 35. h4 exd5+ 36. Rxd5 Re8+ 37. Kf3 Rde6 38. R5d3 R8e7 39. R1d2 Re1
40. Rd6+ R7e6 41. R6d3 Rh1 42. Kg3 Rf1 43. Rg2 Rfe1 44. Kf3 R1e4 45. Rgd2 Re1
46. Rf2 Rg1 47. Rh2 h5 48. Rd5 Rg4 49. Rg5 Rxg5 50. fxg5+ Ke5 51. Re2+ Kd6 52.
Rxe6+ Kxe6 53. Ke4 Kd6 54. Kf4 1/2-1/2

[Event "C.ti d'Italia"]
[Site "Arvier ITA"]
[Date "2009.09.26"]
[Round "1"]
[White "Trifoni, Giorgio"]
[Black "Baloire, Endy"]
[Result "0-1"]
[WhiteElo "1639"]
[BlackElo "1895"]
[PlyCount "66"]
[EventDate "2009.09.26"]

1. Nf3 d5 2. d4 Nf6 3. e3 c5 4. b3 Bg4 5. h3 Bh5 6. Bb2 e6 7. Bd3 Nc6 8. O-O
Be7 9. c3 O-O 10. Nbd2 Rc8 11. a3 Qb6 12. dxc5 Qxc5 13. b4 Qb6 14. Qb1 Bg6 15.
c4 Rfd8 16. Bxg6 hxg6 17. cxd5 Nxd5 18. Nc4 Qb5 19. Nce5 Nxe5 20. Nxe5 Bf6 21.
Bd4 Bxe5 22. Bxe5 Nxe3 23. fxe3 Qxe5 24. Qe1 Rd3 25. Rf3 Rcc3 26. Qh4 f6 27.
Qg4 Rxe3 28. Rxe3 Qxe3+ 29. Kh1 Kf7 30. Qd1 Ke7 31. a4 Qe4 32. b5 Rxh3+ 33. Kg1
Qe3+ 0-1

[Event "C.ti d'Italia"]
[Site "Arvier ITA"]
[Date "2009.09.27"]
[Round "2"]
[White "Amalfitano, Giovanni"]
[Black "Castaldo, Antonio"]
[Result "1-0"]
[WhiteElo "1620"]
[BlackElo "1730"]
[PlyCount "69"]
[EventDate "2009.09.26"]

1. e4 d6 2. Nf3 Nf6 3. d3 g6 4. g3 Bg7 5. Bg2 O-O 6. Nbd2 Bg4 7. O-O Qc8 8. Re1
e5 9. a4 Nc6 10. c3 Ne7 11. Nc4 Nh5 12. Ne3 f5 13. Qb3+ Kh8 14. Nxg4 fxg4 15.
Ng5 h6 16. Ne6 Rf6 17. Nxg7 Kxg7 18. Be3 b6 19. Rad1 Qe6 20. Qc2 Raf8 21. Qd2
g5 22. d4 R6f7 23. dxe5 dxe5 24. Qc2 Ng6 25. b3 Nhf4 26. gxf4 gxf4 27. Bc1 g3
28. f3 Nh4 29. h3 h5 30. c4 Nxf3+ 31. Bxf3 Qxh3 32. Bb2 Re8 33. Rd5 Kf6 34. Qg2
Qe6 35. Rxe5 1-0

[Event "C.ti d'Italia"]
[Site "Arvier ITA"]
[Date "2009.09.27"]
[Round "2"]
[White "Badano, Giancarlo"]
[Black "Cattaneo, Roger"]
[Result "1-0"]
[WhiteElo "1951"]
[BlackElo "1506"]
[PlyCount "113"]
[EventDate "2009.09.26"]

1. e4 e5 2. Nf3 Nc6 3. Bc4 Bc5 4. d3 Nge7 5. Nc3 h6 6. O-O d6 7. Be3 Bb6 8. Nh4
O-O 9. Qh5 Be6 10. Nf5 Nxf5 11. exf5 Bxc4 12. dxc4 Bxe3 13. fxe3 Qg5 14. Qxg5
hxg5 15. Nd5 Rac8 16. b4 Rfe8 17. f6 Kf8 18. Rf5 gxf6 19. Rxf6 Re6 20. Rf5 Rg6
21. Raf1 Rg7 22. c3 Ne7 23. Nxe7 Kxe7 24. a4 c5 25. b5 Rf8 26. Kf2 f6 27. Kg3
Rh7 28. e4 Rff7 29. h3 Ke6 30. Kf3 Rh4 31. Ke3 Rf4 32. g3 Rxf1 33. Rxf1 f5 34.
exf5+ Rxf5 35. Rd1 Rf7 36. a5 Rh7 37. Rh1 g4 38. h4 Rf7 39. h5 Rf3+ 40. Kd2 Kf7
41. a6 b6 42. h6 Kg8 43. h7+ Kh8 44. Rh6 Rxg3 45. Rxd6 Kxh7 46. Rd7+ Kg6 47.
Rxa7 Rf3 48. Rb7 Rf8 49. Rxb6+ Kg5 50. Rb7 g3 51. Rg7+ Kh4 52. a7 e4 53. Ke3
Kh3 54. b6 g2 55. Kxe4 Kh2 56. Rxg2+ Kxg2 57. b7 1-0

[Event "C.ti d'Italia"]
[Site "Arvier ITA"]
[Date "2009.09.27"]
[Round "2"]
[White "Baloire, Endy"]
[Black "Giacomelli, Gianni"]
[Result "1/2-1/2"]
[WhiteElo "1895"]
[BlackElo "2093"]
[PlyCount "65"]
[EventDate "2009.09.26"]

1. d4 Nf6 2. Bf4 c5 3. e3 Qb6 4. Nc3 a6 5. a3 g6 6. Nf3 Bg7 7. Be2 d6 8. O-O
O-O 9. h3 Nbd7 10. Qd2 Re8 11. d5 Nh5 12. Na4 Qc7 13. c4 Nxf4 14. exf4 Nf6 15.
Nc3 Bd7 16. Rab1 Bf5 17. Bd3 Bxd3 18. Qxd3 Qd7 19. Kh2 Rab8 20. Nd2 b5 21. b3
b4 22. axb4 Rxb4 23. Ra1 Ra8 24. Ra3 Ne8 25. Rfa1 Nc7 26. R1a2 Rab8 27. g3 h5
28. Ra4 h4 29. Rxb4 Rxb4 30. Nd1 Rb8 31. Ne3 Bf6 32. g4 Bg7 33. Nf3 1/2-1/2

[Event "C.ti d'Italia"]
[Site "Arvier ITA"]
[Date "2009.09.27"]
[Round "2"]
[White "Bitti, Sandro"]
[Black "Fragni, Enrico"]
[Result "1/2-1/2"]
[WhiteElo "1718"]
[BlackElo "1767"]
[PlyCount "69"]
[EventDate "2009.09.26"]

1. d4 c6 2. Nf3 d6 3. e4 Bg4 4. h3 Bh5 5. Be3 Nd7 6. Nbd2 e5 7. c3 Be7 8. Bc4
Ngf6 9. Qc2 h6 10. O-O g5 11. dxe5 dxe5 12. Nh2 Qc7 13. f3 Bc5 14. Bxc5 Nxc5
15. b4 Ne6 16. Bxe6 fxe6 17. Qb3 Bf7 18. a4 b5 19. Rfd1 O-O 20. a5 a6 21. Ndf1
c5 22. Kh1 c4 23. Qb2 Rad8 24. Ne3 h5 25. Qe2 Kh7 26. Rxd8 Rxd8 27. Rd1 Kg6 28.
Rd2 Rxd2 29. Qxd2 Be8 30. Kg1 Bc6 31. Kf1 Bb7 32. Ke1 Bc6 33. Kf1 Qf7 34. Ke1
Qc7 35. Kf1 1/2-1/2

[Event "C.ti d'Italia"]
[Site "Arvier ITA"]
[Date "2009.09.27"]
[Round "2"]
[White "Bogatto, Mario"]
[Black "Barletta, Antonio"]
[Result "0-1"]
[WhiteElo "1455"]
[BlackElo "2039"]
[PlyCount "60"]
[EventDate "2009.09.26"]

1. e4 e5 2. Nf3 Nc6 3. Bb5 a6 4. Bxc6 dxc6 5. O-O Bg4 6. h3 h5 7. d3 Qf6 8.
Nbd2 Ne7 9. Qe1 Ng6 10. Nh2 Bd7 11. Ndf3 Nf4 12. Bxf4 Qxf4 13. Qe3 Qf6 14. Qg5
Qxg5 15. Nxg5 f6 16. Ngf3 g5 17. g4 O-O-O 18. Rad1 Bd6 19. d4 exd4 20. Nxd4
Bxh2+ 21. Kxh2 hxg4 22. Rd3 Rde8 23. Re1 c5 24. Nb3 c4 25. Rxd7 Kxd7 26. Rd1+
Kc8 27. Nc5 gxh3 28. c3 Re5 29. Nd7 Rxe4 30. Nxf6 Rf4 0-1

[Event "C.ti d'Italia"]
[Site "Arvier ITA"]
[Date "2009.09.27"]
[Round "2"]
[White "Lisandri, Luigi"]
[Black "Trifoni, Giorgio"]
[Result "1-0"]
[WhiteElo "1480"]
[BlackElo "1639"]
[PlyCount "111"]
[EventDate "2009.09.26"]

1. c4 b6 2. b3 Bb7 3. Bb2 e6 4. d4 Ne7 5. Nd2 d6 6. Ndf3 Nd7 7. Qc2 h6 8. Rd1
g6 9. d5 e5 10. e4 Bg7 11. b4 a5 12. Bc3 axb4 13. Bxb4 Nc5 14. Bxc5 bxc5 15.
Rb1 Bc8 16. Be2 O-O 17. Nd2 c6 18. Ngf3 cxd5 19. cxd5 Qa5 20. Bc4 Ba6 21. O-O
Nc8 22. Rb2 Nb6 23. Rfb1 Nxc4 24. Nxc4 Qd8 25. Nfd2 Qc7 26. Rb6 Rab8 27. Rxb8
Rxb8 28. Rb2 Bf8 29. Qb1 Ra8 30. Rb6 Bc8 31. a3 Ra4 32. Qb3 Qa7 33. h3 h5 34.
Kh2 Qd7 35. Rc6 Ra7 36. Qb6 Rb7 37. Qa5 Ra7 38. Qc3 Bb7 39. Rb6 Ba6 40. Qb2 g5
41. Rb8 Bxc4 42. Nxc4 g4 43. Qb6 gxh3 44. gxh3 Ra4 45. Rb7 Qc8 46. Rb8 Qd7 47.
Qb3 Qa7 48. Qg3+ Kh7 49. Rxf8 Qe7 50. Qg8+ Kh6 51. Rxf7 Qxf7 52. Qxf7 Rxc4 53.
Qf6+ Kh7 54. f3 Ra4 55. Qxd6 c4 56. Qd7+ 1-0

[Event "C.ti d'Italia"]
[Site "Arvier ITA"]
[Date "2009.09.27"]
[Round "2"]
[White "Reginato, Lino"]
[Black "Rossi, Giampiero"]
[Result "0-1"]
[WhiteElo "1817"]
[BlackElo "1910"]
[PlyCount "126"]
[EventDate "2009.09.26"]

1. d4 d5 2. Nf3 c6 3. Bf4 Nf6 4. e3 Bf5 5. Be2 h6 6. O-O e6 7. c4 Qb6 8. Qc1
Nbd7 9. Nc3 Be7 10. Ne5 O-O 11. c5 Qa5 12. a3 Rfc8 13. f3 Nxe5 14. Bxe5 Nd7 15.
Bf4 Qd8 16. e4 Bg6 17. e5 Bg5 18. Bxg5 Qxg5 19. Qxg5 hxg5 20. Rad1 f6 21. f4
gxf4 22. exf6 Nxf6 23. Rxf4 Re8 24. Bd3 Bxd3 25. Rxd3 e5 26. dxe5 Rxe5 27. Kf1
Rae8 28. Rd2 Ne4 29. Nxe4 Rxe4 30. Rxe4 Rxe4 31. Re2 Rxe2 32. Kxe2 Kf7 33. h4
Kf6 34. Kf3 Kf5 35. b4 a6 36. a4 Ke5 37. g4 Kd4 38. h5 Ke5 39. g5 Kf5 40. h6
gxh6 41. gxh6 Kg6 42. h7 Kxh7 43. Kf4 Kg6 44. Ke5 Kf7 45. Kf5 Ke7 46. Ke5 Kd7
47. Kf5 Kc7 48. Ke5 Kb8 49. a5 Kc7 50. Kf4 Kd7 51. Kf5 Ke7 52. Ke5 Kf7 53. Kf5
Kg7 54. Kg5 Kh8 55. Kg4 Kg8 56. Kf4 Kh7 57. Kf5 Kh6 58. Kf4 Kg6 59. Ke5 Kg5 60.
Kd4 Kf4 61. Kd3 Ke5 62. Ke3 d4+ 63. Ke2 Ke4 0-1

[Event "C.ti d'Italia"]
[Site "Arvier ITA"]
[Date "2009.09.27"]
[Round "2"]
[White "Rorato, Renzo"]
[Black "Reginato, Sabrina"]
[Result "1-0"]
[WhiteElo "2067"]
[BlackElo "1880"]
[PlyCount "57"]
[EventDate "2009.09.26"]

1. Nf3 d5 2. c4 d4 3. g3 c5 4. Bg2 Nc6 5. d3 e5 6. O-O f5 7. e3 Nf6 8. exd4
cxd4 9. Re1 Bd6 10. Nxe5 Bxe5 11. Bf4 O-O 12. Bxe5 Nxe5 13. Rxe5 Ng4 14. Rd5
Qb6 15. h3 Qxb2 16. Nd2 Nf6 17. Rb5 Qa3 18. Qb3 Qe7 19. Nf3 f4 20. Re1 Qf7 21.
gxf4 Re8 22. Rxe8+ Qxe8 23. Re5 Qd7 24. Qb2 Qf7 25. Qxd4 Bg4 26. hxg4 Nxg4 27.
Rg5 h5 28. Ne5 Nxe5 29. Qxe5 1-0

[Event "C.ti d'Italia"]
[Site "Arvier ITA"]
[Date "2009.09.27"]
[Round "2"]
[White "Roversi, Stefano"]
[Black "Serrajotto, Marino"]
[Result "1/2-1/2"]
[WhiteElo "1824"]
[BlackElo "1733"]
[PlyCount "46"]
[EventDate "2009.09.26"]

1. e4 d5 2. Nc3 dxe4 3. Nxe4 g6 4. Nf3 Bg7 5. d4 Bf5 6. Ng3 Bd7 7. Bc4 e6 8. d5
exd5 9. Qxd5 Qe7+ 10. Kf1 Be6 11. Qd3 Qd6 12. Bxe6 Qxd3+ 13. cxd3 fxe6 14. d4
Nc6 15. Be3 O-O-O 16. Ng5 Rd7 17. Nxe6 Bxd4 18. Nxd4 Nxd4 19. Rd1 Nc2 20. Ke2
Nxe3 21. Rxd7 Kxd7 22. Kxe3 Nf6 23. Rd1+ Ke6 1/2-1/2

[Event "C.ti d'Italia"]
[Site "Arvier ITA"]
[Date "2009.09.27"]
[Round "3"]
[White "Amalfitano, Giovanni"]
[Black "Roversi, Stefano"]
[Result "1-0"]
[WhiteElo "1620"]
[BlackElo "1824"]
[PlyCount "71"]
[EventDate "2009.09.26"]

1. e4 c5 2. Nf3 Nc6 3. d3 d6 4. g3 Nf6 5. Bg2 g6 6. Nbd2 Bg7 7. O-O O-O 8. c3
Ng4 9. a4 Nce5 10. Nxe5 Nxe5 11. Nf3 Bg4 12. h3 Nxf3+ 13. Bxf3 Bxh3 14. Re1 Qd7
15. g4 f5 16. exf5 gxf5 17. Bd5+ Kh8 18. g5 f4 19. Qh5 Bg4 20. Qh4 e5 21. f3
Bf5 22. Kf2 Bxd3 23. Rh1 Bg6 24. Bd2 e4 25. fxe4 Rae8 26. Rh2 Rxe4 27. Rah1 Qf5
28. Bxe4 Qxe4 29. Re1 Qc2 30. Kg1 Qxb2 31. Re7 Qb1+ 32. Qe1 Qxe1+ 33. Bxe1 Re8
34. Rhe2 Rxe7 35. Rxe7 a6 36. Rxb7 1-0

[Event "C.ti d'Italia"]
[Site "Arvier ITA"]
[Date "2009.09.27"]
[Round "3"]
[White "Barletta, Antonio"]
[Black "Rorato, Renzo"]
[Result "1/2-1/2"]
[WhiteElo "2039"]
[BlackElo "2067"]
[PlyCount "49"]
[EventDate "2009.09.26"]

1. e4 c5 2. Nc3 d6 3. f4 e6 4. Nf3 Nf6 5. Bc4 a6 6. a4 Be7 7. d3 O-O 8. O-O d5
9. Bb3 Nc6 10. e5 Nd7 11. Ne2 f6 12. exf6 Bxf6 13. c3 Nb6 14. a5 Nd7 15. f5
Nde5 16. Nf4 c4 17. dxc4 dxc4 18. Bc2 Qxd1 19. Bxd1 exf5 20. Be2 Re8 21. Nxe5
Nxe5 22. Nd5 Bd8 23. Ne3 g6 24. Nxc4 Nxc4 25. Bxc4+ 1/2-1/2

[Event "C.ti d'Italia"]
[Site "Arvier ITA"]
[Date "2009.09.27"]
[Round "3"]
[White "Castaldo, Antonio"]
[Black "Renzini, Lorenzo"]
[Result "1-0"]
[WhiteElo "1730"]
[BlackElo "1767"]
[PlyCount "73"]
[EventDate "2009.09.26"]

1. Nf3 d5 2. g3 Nf6 3. Bg2 c6 4. O-O Bg4 5. d3 Bxf3 6. Bxf3 Nbd7 7. Nd2 e6 8.
Re1 Bd6 9. Bg2 O-O 10. Nf3 e5 11. e4 d4 12. Rf1 a5 13. Ng5 Qc7 14. f4 exf4 15.
gxf4 Be7 16. Nf3 Bc5 17. Kh1 Ng4 18. Ng5 Ne3 19. Bxe3 dxe3 20. Qe2 h6 21. Nh3
Nf6 22. c3 Rae8 23. e5 Nd5 24. Bxd5 cxd5 25. d4 Ba7 26. Qxe3 b5 27. a3 Qb6 28.
b4 a4 29. Rg1 f6 30. Rg2 fxe5 31. fxe5 Rf6 32. Rag1 Rf7 33. Nf4 Qb7 34. Nh5 Kh8
35. Nxg7 Rxg7 36. Rxg7 Qb6 37. R7g6 1-0

[Event "C.ti d'Italia"]
[Site "Arvier ITA"]
[Date "2009.09.27"]
[Round "3"]
[White "Cattaneo, Roger"]
[Black "Bitti, Sandro"]
[Result "0-1"]
[WhiteElo "1506"]
[BlackElo "1718"]
[PlyCount "66"]
[EventDate "2009.09.26"]

1. d4 d5 2. Bf4 Nf6 3. Nf3 c6 4. e3 Bf5 5. Nbd2 e6 6. a3 Nbd7 7. c4 Be7 8. c5
Nh5 9. Bg3 Nxg3 10. fxg3 e5 11. Nb3 exd4 12. exd4 O-O 13. Bd3 Be4 14. O-O f5
15. Nc1 Bf6 16. Ne2 a5 17. Qc2 b6 18. b4 axb4 19. axb4 b5 20. Bxe4 fxe4 21. Nd2
Qe7 22. Nb3 Rxa1 23. Rxa1 Qf7 24. Qd2 Bg5 25. Qe1 Be3+ 26. Kh1 Nf6 27. Nf4 Ng4
28. h3 Bxf4 29. gxf4 Nh6 30. g3 Qh5 31. Qf1 Nf5 32. Kh2 Ne3 33. Qc1 Qe2+ 0-1

[Event "C.ti d'Italia"]
[Site "Arvier ITA"]
[Date "2009.09.27"]
[Round "3"]
[White "Fragni, Enrico"]
[Black "Bogatto, Mario"]
[Result "1-0"]
[WhiteElo "1767"]
[BlackElo "1455"]
[PlyCount "127"]
[EventDate "2009.09.26"]

1. c4 e5 2. Nc3 c6 3. d4 exd4 4. Qxd4 d6 5. Nf3 Nf6 6. Bg5 Be6 7. e4 Nbd7 8.
Be2 Be7 9. O-O Qb6 10. Qd2 h6 11. Be3 Qc7 12. Nd4 Nf8 13. Nxe6 Nxe6 14. f4 a6
15. a4 Rd8 16. Qc2 Nc5 17. b4 Ncd7 18. Kh1 O-O 19. Rad1 Rfe8 20. Rf3 Bf8 21.
Rg3 Kh8 22. Rh3 Ng8 23. Qb2 Ndf6 24. Bf3 Nd7 25. a5 b6 26. axb6 Nxb6 27. Be2
Nf6 28. f5 d5 29. cxd5 cxd5 30. exd5 Nbxd5 31. Nxd5 Nxd5 32. Bxh6 Kg8 33. Rg3
f6 34. Qa2 Qb7 35. Bf3 Re5 36. Bf4 Rxf5 37. Bd2 g5 38. h4 Kg7 39. hxg5 Qb6 40.
gxf6+ Kxf6 41. Qa1+ Kf7 42. Bg5 Be7 43. Bh5+ Ke6 44. Bg4 Bxg5 45. Rf1 Nf4 46.
Qa2+ Kf6 47. Bxf5 Kxf5 48. Qf7+ Qf6 49. Qxf6+ Kxf6 50. Rgf3 Rh8+ 51. Kg1 Ke5
52. Re1+ Kd6 53. Ra1 Kc7 54. Rxa6 Ne2+ 55. Kf2 Nf4 56. b5 Re8 57. Rc3+ Kb7 58.
Rc2 Nd3+ 59. Kg3 Bf4+ 60. Kg4 Rg8+ 61. Kf5 Rf8+ 62. Kg6 Ne5+ 63. Kg7 Bh6+ 64.
Rxh6 1-0

[Event "C.ti d'Italia"]
[Site "Arvier ITA"]
[Date "2009.09.27"]
[Round "3"]
[White "Giacomelli, Gianni"]
[Black "Badano, Giancarlo"]
[Result "0-1"]
[WhiteElo "2093"]
[BlackElo "1951"]
[PlyCount "140"]
[EventDate "2009.09.26"]

1. d4 d5 2. c4 e6 3. Nc3 Nf6 4. Bg5 Nbd7 5. e3 c6 6. Bd3 Qa5 7. Bf4 dxc4 8.
Bxc4 Nd5 9. Bxd5 exd5 10. Nge2 Nf6 11. Ng3 Bb4 12. Qc2 O-O 13. O-O Re8 14. a3
Bxc3 15. bxc3 Ne4 16. Nxe4 Rxe4 17. f3 Re8 18. e4 Be6 19. a4 b6 20. Rfb1 Qa6
21. Qf2 f6 22. Qg3 Qb7 23. Rb2 Qf7 24. Re1 Qg6 25. Qf2 dxe4 26. fxe4 Bc4 27.
Qf3 Rad8 28. Re3 Rd7 29. Rb1 Rde7 30. Rbe1 a6 31. Bd6 Re6 32. Qf4 Qg5 33. Qxg5
fxg5 34. e5 b5 35. Kf2 Kf7 36. axb5 axb5 37. Ra1 Kg6 38. Ra7 Bd5 39. Re1 Rg8
40. Rea1 h5 41. R1a6 Kf5 42. Rf7+ Kg6 43. Rc7 Kf5 44. Raa7 Kg6 45. g3 Ree8 46.
Bc5 Re6 47. Ke3 Ree8 48. Rd7 Re6 49. Ra6 Kf5 50. h3 Bg2 51. Rf7+ Kg6 52. Rc7
Kf5 53. Kf2 Bd5 54. Rf7+ Kg6 55. Rd7 Rge8 56. Raa7 Rg8 57. g4 h4 58. Be7 Kh6
59. Kg1 Rg6 60. Bf6 Be6 61. Re7 Bd5 62. Kf2 Be4 63. Rad7 Bd5 64. Ra7 Be4 65.
Rec7 Bd5 66. Be7 Re6 67. Bf6 gxf6 68. Rh7+ Kg6 69. Rh5 Rg7 70. Ra8 fxe5 0-1

[Event "C.ti d'Italia"]
[Site "Arvier ITA"]
[Date "2009.09.27"]
[Round "3"]
[White "Reginato, Sabrina"]
[Black "Lisandri, Luigi"]
[Result "1-0"]
[WhiteElo "1880"]
[BlackElo "1480"]
[PlyCount "87"]
[EventDate "2009.09.26"]

1. d4 Nf6 2. Nf3 e6 3. e3 b6 4. Bd3 Bb7 5. Nbd2 Be7 6. O-O O-O 7. c3 d6 8. b3
Nbd7 9. Bb2 a5 10. c4 Re8 11. Qc2 Nf8 12. Rad1 Ra7 13. Rfe1 Qa8 14. a3 h6 15.
e4 c5 16. d5 e5 17. Nf1 Bc8 18. Ne3 Ng6 19. g3 Ng4 20. Ng2 Bd7 21. a4 Qd8 22.
h3 Nf6 23. Kh2 Nh7 24. Ng1 Qc8 25. f4 f6 26. f5 Nh8 27. Bc1 Bf8 28. Be2 Re7 29.
Bh5 Be8 30. Qe2 Bf7 31. Bxf7+ Rxf7 32. Qg4 g5 33. fxg6 Qxg4 34. gxf7+ Rxf7 35.
hxg4 Ng5 36. Nh4 Kh7 37. Bxg5 fxg5 38. Nf5 Rf6 39. Rf1 Kg6 40. Rf3 Bg7 41. Nxg7
Rxf3 42. Nxf3 Nf7 43. Nf5 Kh7 44. Rf1 1-0

[Event "C.ti d'Italia"]
[Site "Arvier ITA"]
[Date "2009.09.27"]
[Round "3"]
[White "Rossi, Giampiero"]
[Black "Baloire, Endy"]
[Result "1/2-1/2"]
[WhiteElo "1910"]
[BlackElo "1895"]
[PlyCount "108"]
[EventDate "2009.09.26"]

1. d4 d5 2. c4 e6 3. Nc3 Nf6 4. cxd5 exd5 5. Bg5 Nbd7 6. e3 c6 7. Qc2 Be7 8.
Bd3 O-O 9. Nge2 Re8 10. O-O g6 11. Rab1 Nh5 12. Bxe7 Qxe7 13. b4 a6 14. a4 Nb6
15. b5 axb5 16. axb5 c5 17. dxc5 Qxc5 18. Nd4 Nf6 19. Rfc1 Bd7 20. Ne4 Nxe4 21.
Qxc5 Nxc5 22. Rxc5 Rec8 23. Rxc8+ Rxc8 24. Ne2 Rc5 25. Kf1 Nc4 26. Bxc4 dxc4
27. Nc3 Kf8 28. Ke2 Ke7 29. f3 Kd8 30. e4 f5 31. Ke3 fxe4 32. fxe4 Kc7 33. h4
Kd6 34. Rd1+ Ke6 35. Rd5 Rxd5 36. Nxd5 Ke5 37. Nc3 h6 38. g3 g5 39. hxg5 hxg5
40. Ne2 Bxb5 41. Nd4 Bd7 42. Nf3+ Kf6 43. Kd4 b5 44. Ne5 Be6 45. Nc6 Bd7 46.
Ne5 Ke6 47. Nf3 g4 48. Nd2 Bc6 49. Nf1 c3 50. Kxc3 Bxe4 51. Kb4 Bd3 52. Ne3 Be2
53. Nxg4 Bxg4 54. Kxb5 Ke5 1/2-1/2

[Event "C.ti d'Italia"]
[Site "Arvier ITA"]
[Date "2009.09.27"]
[Round "3"]
[White "Serrajotto, Marino"]
[Black "Reginato, Lino"]
[Result "0-1"]
[WhiteElo "1733"]
[BlackElo "1817"]
[PlyCount "116"]
[EventDate "2009.09.26"]

1. e4 d6 2. d4 Nd7 3. Nc3 c5 4. Nf3 g6 5. Bc4 Bg7 6. O-O cxd4 7. Bxf7+ Kxf7 8.
Ng5+ Ke8 9. Ne6 Qa5 10. Nxg7+ Kf7 11. Qxd4 Qe5 12. Qxe5 Nxe5 13. f4 Nc6 14. b3
Kxg7 15. Bb2 e5 16. Nb5 Nge7 17. Nxd6 b6 18. Nc4 Rf8 19. Nxe5 Nxe5 20. Bxe5+
Kg8 21. Bd6 Rf7 22. Bxe7 Rxe7 23. e5 Bf5 24. c4 Rd8 25. Kf2 Red7 26. Rfe1 Kf7
27. Rac1 Rd2+ 28. Re2 Bg4 29. Rxd2 Rxd2+ 30. Kg3 Bf5 31. c5 bxc5 32. Rxc5 Rxa2
33. Rc7+ Kg8 34. Rb7 Be6 35. Kh4 Rxg2 36. Rxa7 Rxh2+ 37. Kg5 Bd5 38. Kf6 Rh5
39. e6 Rf5+ 40. Ke7 Bxb3 41. Rb7 Bc4 42. Rb4 h5 43. Kd6 h4 44. Rb8+ Rf8 45. Rb2
Bxe6 46. Kxe6 Rxf4 47. Rg2 Kg7 48. Ke5 Rf5+ 49. Ke4 Kf6 50. Ke3 g5 51. Rh2 Rf4
52. Rh3 Kf5 53. Rh2 Kg4 54. Rg2+ Kh5 55. Rh2 Rf8 56. Rh1 g4 57. Rb1 h3 58. Rb7
Kh4 0-1

[Event "C.ti d'Italia"]
[Site "Arvier ITA"]
[Date "2009.09.29"]
[Round "4"]
[White "Badano, Giancarlo"]
[Black "Barletta, Antonio"]
[Result "1/2-1/2"]
[WhiteElo "1951"]
[BlackElo "2039"]
[PlyCount "49"]
[EventDate "2009.09.26"]

1. e4 g6 2. d4 Bg7 3. f4 c5 4. d5 d6 5. c4 Nf6 6. Bd3 O-O 7. Nf3 Na6 8. a3 Nc7
9. Nc3 e6 10. O-O exd5 11. Nxd5 Ncxd5 12. exd5 Re8 13. Re1 Bg4 14. Bd2 Nh5 15.
Rxe8+ Qxe8 16. Rb1 Qe7 17. h3 Bxf3 18. Qxf3 Bd4+ 19. Kh2 Qf6 20. b4 b6 21. g3
Re8 22. Re1 Rxe1 23. Bxe1 Qe7 24. Qe2 Qxe2+ 25. Bxe2 1/2-1/2

[Event "C.ti d'Italia"]
[Site "Arvier ITA"]
[Date "2009.09.29"]
[Round "4"]
[White "Baloire, Endy"]
[Black "Amalfitano, Giovanni"]
[Result "1/2-1/2"]
[WhiteElo "1895"]
[BlackElo "1620"]
[PlyCount "85"]
[EventDate "2009.09.26"]

1. d4 Nf6 2. Bf4 g6 3. Nf3 Bg7 4. e3 d6 5. h3 Nbd7 6. Be2 O-O 7. O-O b6 8. c3
Bb7 9. a4 a6 10. Na3 Ne4 11. Qb3 Rb8 12. Bh2 e6 13. Rfc1 Bh6 14. a5 Ng5 15. Ne1
Qf6 16. Nc4 Bd5 17. Qc2 b5 18. Nd2 e5 19. Nef3 Nxf3+ 20. Bxf3 Bxf3 21. Nxf3
Rfe8 22. dxe5 Nxe5 23. Bxe5 dxe5 24. Rd1 Qe7 25. Qe4 Bg7 26. Qc6 Qe6 27. Qxe6
Rxe6 28. Rd7 Rc6 29. Rad1 f6 30. R1d5 Bf8 31. Nd2 Re8 32. Kf1 Ree6 33. Ke2 Red6
34. R5xd6 Bxd6 35. Kd3 f5 36. g3 h5 37. e4 Bc5 38. Ke2 Bf8 39. Rd5 Bd6 40. Kd3
Kf7 41. f3 Kf6 42. b3 Rc5 43. Rxc5 1/2-1/2

[Event "C.ti d'Italia"]
[Site "Arvier ITA"]
[Date "2009.09.29"]
[Round "4"]
[White "Bitti, Sandro"]
[Black "Giacomelli, Gianni"]
[Result "0-1"]
[WhiteElo "1718"]
[BlackElo "2093"]
[PlyCount "80"]
[EventDate "2009.09.26"]

1. d4 c5 2. e3 g6 3. Nf3 Bg7 4. Bd3 d5 5. c3 b6 6. O-O Nf6 7. Nbd2 Bb7 8. Qe2
Nc6 9. b3 O-O 10. Ba3 Nd7 11. Rac1 e5 12. dxe5 Ndxe5 13. Nxe5 Nxe5 14. Bb1 Qc8
15. e4 Re8 16. Rfe1 Bh6 17. Rcd1 Ba6 18. c4 Bxd2 19. Qxd2 dxc4 20. Bb2 Qg4 21.
Qc3 f6 22. f3 Qh4 23. Re3 Rad8 24. Rde1 Rd6 25. g3 Qh3 26. Bc2 Red8 27. bxc4
Bxc4 28. Bb3 Bxb3 29. Qxb3+ c4 30. Bxe5 cxb3 31. Bxd6 Rxd6 32. axb3 Rd2 33.
R3e2 Qd7 34. e5 fxe5 35. Rxe5 Qd4+ 36. Kh1 Qf2 37. Re8+ Kg7 38. R8e7+ Kh6 39.
R7e2 Rxe2 40. Rxe2 Qf1# 0-1

[Event "C.ti d'Italia"]
[Site "Arvier ITA"]
[Date "2009.09.29"]
[Round "4"]
[White "Castaldo, Antonio"]
[Black "Trifoni, Giorgio"]
[Result "0-1"]
[WhiteElo "1730"]
[BlackElo "1639"]
[PlyCount "104"]
[EventDate "2009.09.26"]

1. Nf3 b6 2. g3 Bb7 3. Bg2 e6 4. O-O Ne7 5. d3 d6 6. e4 Nd7 7. Nh4 g6 8. f4 Bg7
9. Nc3 O-O 10. Nf3 h6 11. d4 a6 12. e5 d5 13. Ne2 c5 14. c3 a5 15. Rf2 a4 16.
Nh4 b5 17. Rb1 Kh7 18. Bd2 Qc7 19. Rc1 Qb6 20. Be3 c4 21. a3 Nf5 22. Nxf5 exf5
23. Kh1 Rae8 24. Ng1 Qe6 25. Nf3 Rd8 26. Qc2 Rfe8 27. Bh3 Qe7 28. Nh4 Nf8 29.
Bxf5 gxf5 30. Nxf5 Qe6 31. Nd6+ Kh8 32. Nxb7 Rb8 33. Nc5 Qg6 34. f5 Qh7 35. Qd2
f6 36. e6 Re7 37. Bf4 Rd8 38. g4 Kg8 39. Na6 Nxe6 40. Bd6 Rxd6 41. fxe6 Rxa6
42. Qf4 Qe4+ 43. Qxe4 dxe4 44. d5 Rd6 45. Rd1 Rexe6 46. dxe6 Rxd1+ 47. Kg2 Rd6
48. e7 Re6 49. Rd2 Rxe7 50. Rd5 Re5 51. Rd4 Bf8 52. Kf2 Bc5 0-1

[Event "C.ti d'Italia"]
[Site "Arvier ITA"]
[Date "2009.09.29"]
[Round "4"]
[White "Lisandri, Luigi"]
[Black "Serrajotto, Marino"]
[Result "0-1"]
[WhiteElo "1480"]
[BlackElo "1733"]
[PlyCount "50"]
[EventDate "2009.09.26"]

1. c4 e5 2. b3 Nc6 3. e3 Nf6 4. Bb2 d6 5. g3 g6 6. Bg2 Bg4 7. Ne2 Qd7 8. O-O
Bh3 9. a3 h5 10. f4 Bg7 11. Rf2 h4 12. Qf1 hxg3 13. Nxg3 Bxg2 14. Rxg2 O-O-O
15. Qe2 exf4 16. Qf3 fxg3 17. Rxg3 Nh5 18. Bxg7 Nxg7 19. Nc3 Nf5 20. Rg5 Rh4
21. Rf1 Rdh8 22. Rf2 Ne5 23. Qe2 Rh3 24. Nd5 Qd8 25. Nf4 Qxg5+ 0-1